Named Weapons of Eragon - Statistics

General Stats
  • This quiz has been taken 77 times
    59 since last reset
  • The average score is 3 of 8
Answer Stats
Hint Answer % Correct
Red blade whose name means "Misery" Zar'roc
96%
Blue sword forged by Eragon with the help of Rhunön Brisingr
94%
Legendary war hammer wielded by dwarf kings, including Hrothgar and Orik Volund
32%
White sword that Galbatorix took from Vrael after killing him Vrangr / Islingr
28%
Golden sword imbued with spells to assist its crippled wielder Naegling
25%
Sharpest blade in existence according to Angela Tinkledeath/Albitr
21%
One of twelve ancient elvish weapons made for the sole purpose of killing dragons. This one was used to kill Shruikan Niernen/Orchid
19%
Green sword, rejected by Eragon because it did not fit him, but used by Arya after Rhunön reworked it for her Támerlein
17%
No matching quizzes found
Score Distribution
Percent of People with Each Score
Percentile by Number Answered
Your Score History
You have not taken this quiz since the last reset